000 00468nam a2200157 i 4500
001 129529
003 ES-MaACL
007 t|
008 070625s1957 sp ||||1| spa d
100 1 _aTexeira, Pedro de.
_9109852
245 1 0 _aTopografĂ­a de la villa de Madrid /
_cdescrita por Pedro de Texeira 1656.
260 _aMadrid :
_b[Artes Gráficas Municipales],
_c1957.
300 _bil. ;
_c32 cm.
651 4 _aMadrid.
_98939
852 _aES-MaACL
_jB-8092
_bR.45127
999 _c129529
_d129529